| 000 | 00710nam a22002177a 4500 | ||
|---|---|---|---|
| 999 |
_c3142 _d3142 |
||
| 003 | OSt | ||
| 005 | 20231019132802.0 | ||
| 008 | 231019b ||||| |||| 00| 0 eng d | ||
| 020 | _a9781510434813 | ||
| 040 | _cKH8 | ||
| 082 | _a448.242 HUM | ||
| 100 |
_aHumberstone, Paul, _eauthor. |
||
| 245 |
_aMot à Mot : _bFrench Vocabulary for Edexcel A-level / _cPaul Humberstone. |
||
| 260 |
_aLondon; _bHodder Education, _c2018. |
||
| 300 |
_a160 pages ; _c15.1 x 1.1 x 19.8 cm. |
||
| 520 | _aEssential vocabulary for Edexel A level French, all in one place. | ||
| 650 |
_aForeign language _vFrench langauge |
||
| 650 |
_aFrench language _vVocabulary |
||
| 700 |
_aThathapudi, Kirsty, _eauthor. |
||
| 942 |
_2ddc _cTR |
||